01160 2200361 4500001002100000005001500021035002000036007000300056008004100059020002200100040002200122082001400144084001600158245008000174850001200254264004500266336002100311337002300332338003800355300003100393856007600424852002000500500006900520100003000589650001800619700002900637990002200666990002200688990002200710990002200732990002200754990002200776INLIS00000000086746520211126095619 a0010-1121001546ta211125s2012 jkia gs ind d a978-979-22-8311-2 aYOPDYOGbinderda04223a641.5 a641.5 LIL r10aResep pepes ikan paling gampang /cLilly T. Erwin; penyunting, Yudho Asmoro aYOPDYOG31aJakarta :bGramedia Pustaka Utama,c2012 2rdacontentateks 2rdamediaakomputer 2rdacarrierasumber sambung jaring a1 berkas komputer (2,1 MB)40nPerpustakaan Digital iJogjauhttp://ijogja.id /publications/books/227258 aaplikasi iJogja aUntuk mengakses buku ini silakan unduh aplikasi http://ijogja.id0 aLilly T. ErwinePengarang 4aResep masakan0 aYudho Asmoroepenyunting a002935-EPD/B.2017 a002936-EPD/B.2017 a002936-EPD/B.2017 a002935-EPD/B.2017 a002935-EPD/B.2017 a002936-EPD/B.2017